| 000 | 00463cam a2200181ua 4500 | ||
|---|---|---|---|
| 020 |
_a81-85873-05-4 _c350.00 |
||
| 041 |
_aeng _h |
||
| 082 |
_a632.96 _bGAU/BI |
||
| 100 | _aGautam, R.D . | ||
| 245 |
_aBiological pest suppression / _cR.D.Gautam. _hTextual Documents |
||
| 250 |
_a1 / _b. |
||
| 260 |
_aNew Delhi : _bWestvill publishing house , _c1994. |
||
| 300 | _a221 ; . | ||
| 365 | _a350.00 | ||
| 504 | _a | ||
| 942 | _cBK | ||
| 999 |
_c1301 _d1301 |
||